| 000 | 00509nam a2200181Ia 4500 | ||
|---|---|---|---|
| 005 | 20250326140956.0 | ||
| 008 | 250326s9999 xx 000 0 und d | ||
| 037 | _aTextbook | ||
| 040 |
_aFMSL _beng _cFMSL |
||
| 041 |
_aeng _2eng |
||
| 084 |
_aX:8K N6.2 _qFMSL |
||
| 100 | _aPrasad A K | ||
| 245 | 0 |
_aCost and management accounting _cPrasad A K; Prasad N K |
|
| 260 |
_aCalcutta _bCalcutta, Book Syndicate _c1996 |
||
| 300 | _avii,424 | ||
| 942 |
_cTB _hX:8K N6.2 |
||
| 999 |
_c1288116 _d1288116 |
||